000
00321nam a2200109Ia 4500
008
220214s9999 xx 000 0 und d
100
_a
Blow CM
245
0
_a
Positex as a textile printing paste
260
_b
Positex Pamphlet No.6, published by British Rubber Development Board, London
_c
1947
300
_a
8p
942
_c
RE
999
_c
46149
_d
46149